000 00318nam a2200133 i 4500
001 bg
100 1 _aLENART, Bolesław
245 0 _aPrzekształtniki statyczne /
_cBolesław Lenart.
260 _aZielona Góra,
_c1977.
040 _cBPK
041 _apol
942 _cKS
008 s pl f |000 0 pol
999 _c17465
_d17465
856 _uhttp://koha.tu.koszalin.pl/cgi-bin/koha/opac-detail.pl?biblionumber=17465
_yKatalog online BPK